[Event "Moscow-ch Men 2019"]
[Site "Moscow"]
[Date "2019.03.30"]
[Round "1.27"]
[White "Ageichenko, Genadi A"]
[Black "Grigoryev, Vladislav"]
[Result "1-0"]
[WhiteElo "2208"]
[BlackElo "1741"]
[Annotator "TA"]
[PlyCount "117"]
[EventDate "2019.03.30"]
[EventType "swiss"]
[EventCountry "RUS"]
[SourceTitle "playchess.com"]
[Source "ChessBase"]
[SourceQuality "1"]

{[%evp 15,117,66,67,62,92,84,103,118,109,113,111,100,131,105,95,72,135,114,144,137,183,170,179,122,128,128,144,134,138,147,142,134,144,135,136,141,139,136,161,157,152,161,159,138,146,108,165,164,164,133,186,199,210,204,203,162,162,158,204,168,161,146,161,161,251,214,341,315,306,265,364,339,365,330,323,325,279,277,462,441,645,632,598,550,597,554,668,661,645,600,610,586,1002,1094,1000,983,996,993,879,859,971,956,29976,29975]} 1. d4 Nf6 2. Nf3 e6 3. g3 c5 4. c4 cxd4 5. Nxd4 Nc6 6. Nc3 a6 7. Bg2 Bb4 8. O-O O-O 9. Bf4 {A33: Symmetrical English: 2 Nf3 Nf6 3 d4 cxd4 4 Nxd4 e6 5 Nc3 Nc6} Nh5 10. Nxc6 bxc6 11. Bd6 {White is better.} Bxd6 12. Qxd6 Nf6 $146 ({Predecessor:} 12... f5 13. Rfd1 Qf6 14. f4 g5 15. e3 Ng7 16. Na4 Ne8 {1-0 (44) Papaioannou,I (2597)-Dagkakis,P (2272) Rhodes 2008}) 13. Rfd1 Qa5 14. a3 Ne8 15. Qe7 d5 ({Black should play} 15... Qe5) 16. e4 {[%cal Re4d5]} Qc7 17. Qc5 Bb7 {[#]} 18. Rac1 $1 ({But not} 18. exd5 cxd5 19. Qxc7 Nxc7 $16) 18... Rc8 19. b4 (19. cxd5 $18 cxd5 20. Qxc7 Nxc7 21. Na4 (21. exd5 Nxd5 22. Nxd5 exd5 $16)) 19... Qb8 $16 20. Na4 Nf6 21. Nb6 ({Much weaker is} 21. exd5 $6 cxd5 22. Qb6 Rc6 $11) 21... Rcd8 22. cxd5 exd5 23. exd5 Nxd5 24. Nxd5 cxd5 25. Bxd5 Rc8 26. Qe3 Rce8 27. Qf3 Bxd5 28. Rxd5 Re6 29. Rcd1 Qb6 30. Rf5 Qc7 (30... g6 $16 31. Rf4 Qc7) 31. Rc5 $18 Qe7 32. Kg2 Re8 (32... Rf6 $16 33. Rf5 Re6) 33. Rc6 g6 34. Rxe6 Qxe6 {[%mdl 4096] Endgame KQR-KQR} 35. Rd5 Rc8 36. h4 h5 37. Qd3 Qc6 38. Qe4 Re8 39. Qf3 Kg7 (39... Re6 $142 40. Rc5 Qxf3+ 41. Kxf3 Kf8) 40. Rc5 Qxf3+ (40... Qd7 {was necessary.} 41. Qc3+ Kg8) 41. Kxf3 {KR-KR} Re6 42. Rc7 Kf6 43. Rb7 Rd6 44. Ke3 Ke6 45. a4 f6 46. Ke4 f5+ $2 (46... g5 {was worth a try.} 47. hxg5 fxg5) 47. Kf4 Kf6 (47... Rd4+ $142 48. Kg5 Rg4+ 49. Kh6 f4 50. Rb6+ Kf7) 48. a5 {Threatens to win with Rb6.} Rd4+ 49. Ke3 Re4+ 50. Kd3 Ke6 51. f3 Re1 52. Rb6+ {[%mdl 64] [#] Double Attack} Kd5 53. Rxa6 Rb1 54. Rb6 Rb3+ 55. Ke2 Kd4 56. a6 {[%cal Ba5a6,Ba6a7][%mdl 32]} Rb2+ 57. Kd1 Ke3 58. b5 Kxf3 59. a7 {Accuracy: White = 87%, Black = 42%.} 1-0

[Event "Moscow-ch Men 2019"]
[Site "Moscow"]
[Date "2019.03.30"]
[Round "1.28"]
[White "Zverev, Lev"]
[Black "Chudinovskikh, Alexander M"]
[Result "1/2-1/2"]
[WhiteElo "1703"]
[BlackElo "2213"]
[Annotator "TA"]
[PlyCount "106"]
[EventDate "2019.03.30"]
[EventType "swiss"]
[EventCountry "RUS"]
[SourceTitle "playchess.com"]
[Source "ChessBase"]
[SourceQuality "1"]

{[%evp 10,106,36,-6,33,-16,0,-4,0,0,16,-18,9,15,16,20,27,36,44,34,29,22,29,24,49,40,48,71,60,38,32,41,37,43,41,42,162,124,120,120,117,112,114,20,97,88,125,132,108,0,0,0,0,0,0,-8,-8,-8,0,0,0,-17,-22,-18,0,0,0,0,0,0,0,0,0,0,0,0,0,0,0,0,0,0,0,-8,-8,-8,-8,-8,-8,-8,-8,-8,-8,-8,-8,-8,-8,-8,-8]} 1. e4 d5 2. exd5 Nf6 3. d4 Nxd5 4. c4 Nb6 5. Nc3 e5 6. d5 Bc5 {B01: Scandinavian Defence} (6... g6 7. Be3 Bg7 8. c5 N6d7 9. Bc4 O-O 10. Nf3 Na6 11. Ne4 Kh8 12. d6 f5 13. Neg5 f4 14. Ne6 {0-1 (62) Yu,Y (2656)-Nepomniachtchi,I (2718) St Petersburg 2012}) 7. Ne4 Bb4+ 8. Bd2 Bxd2+ 9. Qxd2 O-O 10. Nf3 $146 ({Predecessor:} 10. O-O-O f5 11. Nc3 Na6 12. Nf3 Qf6 13. Be2 e4 14. Nd4 {½-½ (22) McLaren,L (2205)-Rahman,T (2260) Eastbourne 1990}) 10... f5 11. Nc3 N8d7 {[%cal Bb8d7,Bd7e5,Be5g4,Bg4e3][%mdl 32]} 12. Be2 Qe7 13. O-O e4 14. Nd4 {Threatens to win with Ne6.} Ne5 15. b3 Bd7 16. f4 exf3 17. Nxf3 Ng4 18. Rfe1 f4 19. Qd4 Qe3+ $1 20. Qxe3 Nxe3 21. Nd4 c5 22. dxc6 bxc6 ({Black should try} 22... Bxc6 $14 23. Nxc6 bxc6) 23. Nd1 Nf5 24. Nxf5 Bxf5 25. Nf2 Rad8 26. Red1 (26. Bf3 $16) 26... Rfe8 (26... Nd7 $11 {remains equal.}) 27. Bf3 c5 28. Rxd8 Rxd8 {[#]} 29. Rd1 (29. Be4 $1 $16 {[%cal Re4f5]} Rf8 30. Rd1) 29... Rxd1+ $11 {The position is equal.} 30. Nxd1 {[%mdl 4096] Endgame KBN-KBN} Kf7 31. Nc3 Ke6 32. Be4 Nd7 33. Kf2 Ne5 34. h3 g5 35. Bxf5+ Kxf5 {KN-KN} 36. Nb5 Ke4 37. Nxa7 Nd3+ 38. Kf1 Nc1 39. Nb5 Nxa2 40. Nd6+ Ke3 41. Nb7 Kd4 42. Nd8 Kc3 43. Ne6 Kxb3 44. Nxc5+ Kxc4 45. Ne6 h6 46. h4 Kd5 47. hxg5 Kxe6 48. gxh6 {[#] Black must now prevent h7. KN-KPP} Kf6 {Strongly threatening ...Kg6.} 49. Kf2 Nc3 {...Ne4+ is the strong threat.} 50. Kf3 Nd5 {And now ...Ne3 would win.} (50... Kg6 $2 51. Kxf4 Nb5 52. h7 $19) 51. g3 fxg3 52. Kxg3 Kg6 53. h7 Kxh7 {Accuracy: White = 69%, Black = 57%.} 1/2-1/2

[Event "Moscow-ch Men 2019"]
[Site "Moscow"]
[Date "2019.03.30"]
[Round "1.29"]
[White "Yarygin, Maksim"]
[Black "Gerasimov, Vadim"]
[Result "1-0"]
[WhiteElo "2204"]
[BlackElo "1688"]
[Annotator "TA"]
[PlyCount "77"]
[EventDate "2019.03.30"]
[EventType "swiss"]
[EventCountry "RUS"]
[SourceTitle "playchess.com"]
[Source "ChessBase"]
[SourceQuality "1"]

{[%evp 19,77,-13,-4,-21,-15,-39,-19,-47,-18,-54,-53,-66,-37,-39,-31,-49,-31,-37,-28,-24,0,0,0,0,0,0,0,0,0,0,0,0,14,13,25,0,0,0,0,0,16,0,0,0,0,0,0,0,0,-22,18,-8,-8,-8,0,-8,5848,5720,29999,6260]} 1. e4 c5 2. c4 Nc6 3. Nc3 g6 4. g3 Bg7 5. Bg2 e6 6. Nge2 d6 7. O-O Nge7 8. d3 O-O 9. Be3 Nd4 10. f4 {A36: Symmetrical English vs ...g6: 4 Bg2 Bg7} (10. Qd2 Rb8 11. Bh6 Bxh6 12. Qxh6 Nxe2+ 13. Nxe2 b5 14. b3 Nc6 15. f4 Nd4 16. Nxd4 cxd4 17. g4 f5 18. exf5 exf5 {½-½ (18) Miezis,N (2547)-Leko,P (2720) Porto Carras 2011}) 10... Rb8 {LiveBook: 3 Games} 11. Kh1 a6 12. a4 {The position is equal.} Kh8 $146 ({Predecessor:} 12... b6 13. Bg1 Nec6 14. g4 f5 15. Ng3 fxg4 16. Qxg4 e5 17. f5 {0-1 (29) Iuldachev,S (2495)-Batyrov,S (2360) Ashkhabad 1996}) 13. g4 f5 14. gxf5 exf5 15. Bg1 Nec6 16. Nxd4 Bxd4 17. Qd2 Bxg1 18. Rxg1 Be6 19. Rae1 Qf6 20. e5 dxe5 21. Bxc6 $1 bxc6 22. Rxe5 Rfd8 {Threatens to win with ...Bxc4!} 23. Qe3 ({But not} 23. Rxc5 Qd4 $17) 23... Bf7 24. Rg2 Qd6 25. Rd2 Qd4 (25... Rb4 {is interesting.} 26. Rxc5 Kg8 27. a5 Rd7 28. Na2 Rxc4 29. dxc4 Qxd2 30. Qxd2 Rxd2 31. Nb4 Rxb2 32. Nxa6 Be8) 26. Qxd4 Rxd4 27. Ne2 Rd6 {Strongly threatening ...Bxc4!} 28. Rxc5 Rb4 $1 29. Rc2 $1 Rxa4 30. d4 Rb4 31. Kg2 Kg7 32. Kf2 Kf6 33. Kf3 h6 34. h4 g5 35. hxg5+ hxg5 36. fxg5+ Kxg5 37. Ng3 Bg6 $2 {[%mdl 8192] [#]} (37... Rxd4 $11 38. Rxf5+ Kg6) 38. Ne4+ $1 $18 Kh4 39. Nxd6 {Precision: White = 57%, Black = 31%.} (39. Rh2# $142) 1-0

[Event "Moscow-ch Men 2019"]
[Site "Moscow"]
[Date "2019.03.30"]
[Round "1.30"]
[White "Kireev, Igor"]
[Black "Teiitbaev, Aktilek"]
[Result "1-0"]
[WhiteElo "1673"]
[BlackElo "2193"]
[Annotator "TA"]
[PlyCount "77"]
[EventDate "2019.03.30"]
[EventType "swiss"]
[EventCountry "RUS"]
[SourceTitle "playchess.com"]
[Source "ChessBase"]
[SourceQuality "1"]

{[%evp 20,77,34,0,0,0,0,0,15,7,0,-104,-45,-184,0,-12,-30,-182,-147,-127,-103,-139,-45,-45,-39,-32,-58,-64,0,0,0,0,0,-32,-27,0,13,0,0,0,28,56,112,24,22,48,306,307,445,445,483,464,1745,460,1553,1534,29981,29982,29976,29977]} 1. e4 c5 2. Nf3 d6 3. d4 cxd4 4. Nxd4 Nf6 5. Nc3 a6 {[%cal Ba7a6,Ba6a5][%mdl 32]} 6. f3 e5 7. Nb3 Be6 8. Be3 Be7 9. Qd2 O-O 10. O-O-O a5 11. Bb5 Na6 $1 {[%cal Bb8a6,Ba6c7,Bc7e6][%mdl 32] B90: Sicilian Najdorf: Unusual White 6th moves, 6 Be3 Ng4 and 6 Be3 e5} 12. g4 (12. Qe2 Qb8 13. g4 Rc8 14. g5 Ne8 15. Kb1 Nec7 16. Bc4 Bxc4 17. Qxc4 a4 18. Nc1 a3 19. b3 {0-1 (62) Karjakin,S (2739)-Grischuk,A (2760) Odessa 2010}) 12... Nc7 13. Bb6 Qb8 {The position is equal.} 14. g5 $146 ({Predecessor:} 14. Bxc7 Qxc7 15. a4 Rfc8 16. Kb1 Nd7 17. Rc1 Nb6 18. Nd5 Bxd5 19. exd5 {0-1 (52) Avotins,M (1931)-Semjonovs,I (2201) Riga 2018}) 14... Nh5 $1 15. Nxa5 (15. Kb1 $11) 15... Rc8 (15... Nxb5 $17 16. Nxb5 Ra6) 16. Bc4 (16. a4 $15) 16... Bxc4 $2 ({Black should try} 16... Rxa5 $1 $19 17. Bxa5 (17. Bxe6 $2 Nxe6 18. h4 Ra6 $19) 17... Bxc4) 17. Nxc4 $11 Ne6 18. Nxd6 $2 (18. Na3 $11 {and White has nothing to worry.}) 18... Rc6 $1 $19 {[%cal Rc6b6]} 19. Nf5 Bb4 20. Qe3 Ra6 ({Black should play} 20... Qf8 $1 $17 21. Rd7 Kh8 22. Rxb7 Bxc3 23. bxc3 Qa3+ 24. Kd2 Qxa2) 21. Nd5 $15 Raxb6 22. Nxb4 Rxb4 23. Ne7+ Kf8 (23... Kh8 $15 24. Nxc6 bxc6) 24. Nxc6 $11 bxc6 25. Qa3 $36 {[%mdl 2048] Hoping for c3. White fights for an advantage.} Kg8 26. h4 Nhf4 {[%mdl 1024] Black has compensation.} 27. Rd7 g6 28. c3 Rb7 29. Rhd1 {aiming for Qe7.} Ne2+ 30. Kb1 {Strongly threatening Qe7.} c5 {[#]} (30... Rxd7 $1 $14 31. Rxd7 c5) 31. R1d2 (31. Rxb7 $1 $16 Qxb7 32. Qb3 Qxb3 33. axb3) 31... Rxd7 $1 32. Rxd7 N2f4 $2 {[%mdl 8192] [#]} ({Better is} 32... Qb5 $1 $14 33. Rd2 N2d4 34. cxd4 Qf1+ 35. Kc2 Nxd4+ 36. Rxd4 exd4 37. Qxc5 d3+ 38. Kb3 Qd1+ 39. Ka3 Qxf3 40. Qc8+ Kg7 41. Qc3+ Kg8) 33. Qa6 $1 $18 Qe8 (33... Nf8 $142 34. Rd2 Qe8) 34. Ra7 Kg7 35. Qd6 Nf8 (35... Qf8 $142 36. Qxe5+ Kg8) 36. Qf6+ Kg8 37. Re7 {[%mdl 64] Double Attack} Nh5 38. Rxe8 Nxf6 39. gxf6 {Accuracy: White = 49%, Black = 32%.} 1-0

[Event "Moscow-ch Men 2019"]
[Site "Moscow"]
[Date "2019.03.30"]
[Round "1.31"]
[White "Volodin, Viktor"]
[Black "Kudryaev, Ivan"]
[Result "1-0"]
[WhiteElo "2191"]
[BlackElo "1692"]
[Annotator "TA"]
[PlyCount "77"]
[EventDate "2019.03.30"]
[EventType "swiss"]
[EventCountry "RUS"]
[SourceTitle "playchess.com"]
[Source "ChessBase"]
[SourceQuality "1"]

{[%evp 11,77,38,50,44,56,37,47,35,67,58,61,64,61,61,60,64,57,14,55,50,54,33,74,72,81,73,77,64,53,22,73,64,63,31,35,37,28,29,31,41,145,147,149,143,146,133,170,149,280,227,323,331,319,317,284,288,717,718,701,701,1245,1245,1229,1230,1274,1195,2311,1476]} 1. Nf3 c5 2. c4 Nc6 3. d4 cxd4 4. Nxd4 g6 5. e4 Bg7 6. Be3 Qa5+ 7. Nc3 {B38: Sicilian: Maroczy Bind with 5...Bg7 and 7...0-0} Nf6 {next ...Nxe4 is good for Black.} 8. f3 (8. Nb3 Qc7 9. Be2 O-O 10. Rc1 d6 11. f4 Be6 12. O-O Na5 13. Nd5 Qd8 14. Bf3 Nxb3 15. Qxb3 Qd7 16. h3 {½-½ (61) Rodriguez Cespedes,A (2424)-Martinez Reyes,P (2338) Madrid 2016}) 8... O-O 9. Be2 {White is slightly better.} a6 10. Nb3 $146 ({Predecessor:} 10. O-O d6 11. a3 Rd8 12. b4 Qh5 13. Qd2 Nxd4 14. Bxd4 Be6 15. Nd5 Bxd5 16. cxd5 Nxe4 17. fxe4 Bxd4+ 18. Qxd4 Qxe2 {0-1 (35) Alzayany,Z-Ismail,R (2146) Alexandria 2012}) 10... Qd8 11. O-O d6 12. Qd2 Be6 13. Nd5 Nd7 14. Nf4 Bh6 15. Kh1 Bg7 16. Rac1 Rc8 17. Nxe6 fxe6 18. f4 Nf6 19. Bf3 a5 20. Rfd1 a4 (20... e5 $11) 21. Nd4 Nxd4 22. Bxd4 e5 $1 {[%cal Re5d4]} 23. fxe5 dxe5 24. Be3 $36 {[%mdl 2048] Black should prevent Qb4. Black is under pressure.} ({Don't play} 24. Bxe5 Qxd2 25. Rxd2 Bh6 $17) 24... Qxd2 25. Rxd2 b5 (25... h5 $14) 26. c5 $16 Rc6 27. Kg1 h5 28. h3 Kh7 29. g4 h4 (29... Nxg4 $16 30. Bxg4 hxg4) 30. Kg2 Rfc8 (30... g5 {was called for.} 31. b4 (31. Bxg5 Bh6 $16) 31... Kg6) 31. g5 $18 Nh5 32. Bxh5 gxh5 33. Rd7 R8c7 $2 {[#]} (33... Rb8 34. Rxe7 Kg8) 34. Rxc7 {White is clearly winning.} Rxc7 35. c6 e6 36. Bb6 Rc8 37. c7 Bf8 38. Rd1 Be7 39. Rd7 {Accuracy: White = 82%, Black = 29%.} 1-0

[Event "Moscow-ch Men 2019"]
[Site "Moscow"]
[Date "2019.03.30"]
[Round "1.32"]
[White "Akhmedov, David"]
[Black "Yakimenko, Alexander A."]
[Result "0-1"]
[WhiteElo "1710"]
[BlackElo "2082"]
[Annotator "NA RC"]
[PlyCount "100"]
[EventDate "2019.03.30"]
[EventType "swiss"]
[EventCountry "RUS"]
[SourceTitle "playchess.com"]
[Source "ChessBase"]
[SourceQuality "1"]
[TimeControl "5400+30"]

1. e4 e5 2. Nf3 Nc6 3. Nc3 Nf6 4. d4 exd4 5. Nxd4 Bb4 6. Nxc6 bxc6 7. Bd3 d5 8. exd5 cxd5 9. O-O O-O 10. Bg5 Be6 11. h3 Rb8 12. Qf3 Be7 13. b3 h6 14. Bh4 Rb4 15. Bg3 Nh7 16. Nb5 c6 17. Bxh7+ Kxh7 18. Qd3+ Kg8 19. Nd4 Bd7 20. Nf5 Bxf5 21. Qxf5 Bf6 22. Rad1 Re8 23. c4 Rb7 24. Qg4 Qa5 25. cxd5 cxd5 26. Bf4 Qxa2 27. Bxh6 Qxb3 28. Bg5 Bxg5 29. Qxg5 Rd7 30. Rd4 Re4 31. Rc1 Qb7 32. Rd3 d4 33. Rb3 Qd5 34. Rb8+ Kh7 35. Qg3 Qe5 36. Qb3 Re1+ 37. Rxe1 Qxe1+ 38. Kh2 Qe5+ 39. g3 d3 40. Rb4 g6 41. Rh4+ Kg7 42. Qc4 Qf6 43. Rf4 Qxf4 44. Qxf4 d2 45. Qe5+ f6 46. Qe2 d1=Q 47. Qxd1 Rxd1 48. Kg2 a5 49. Kf3 a4 50. Ke2 Rd8 0-1

[Event "Moscow-ch Men 2019"]
[Site "Moscow"]
[Date "2019.03.30"]
[Round "1.33"]
[White "Tarasov, Oleg"]
[Black "Volkov, Andreiy"]
[Result "1-0"]
[WhiteElo "2175"]
[BlackElo "1628"]
[Annotator "TA"]
[PlyCount "61"]
[EventDate "2019.03.30"]
[EventType "swiss"]
[EventCountry "RUS"]
[SourceTitle "playchess.com"]
[Source "ChessBase"]
[SourceQuality "1"]

{[%evp 10,61,14,0,11,19,36,16,22,0,0,-3,0,2,6,0,0,-14,3,-55,-54,-47,5,7,29,19,28,9,76,71,83,-4,0,-30,61,57,62,81,77,77,81,86,103,84,790,768,806,803,996,986,1165,1144,1472,1442]} 1. e4 c5 2. c3 Nf6 3. e5 Nd5 4. d4 cxd4 5. cxd4 e6 6. Nc3 {LiveBook: 121 Games} Bb4 {B22: Sicilian: 2 c3} (6... Nxc3 7. bxc3 d6 8. f4 Qc7 9. Bd2 b6 10. Nf3 Bb7 11. Bd3 Nc6 12. O-O Be7 13. f5 exf5 14. Bxf5 dxe5 15. Ng5 Bxg5 16. Bxg5 Ne7 17. Bxe7 Qxe7 {½-½ (34) Adhiban,B (2677)-Duda,J (2707) Linares 2017}) 7. Bd2 O-O 8. Nf3 d6 {The position is equal.} 9. a3 $146 (9. Qc2 {is more complex.} Nc6 10. Bd3 h6 11. O-O dxe5 12. dxe5 Bd7 13. Rfd1) ({Predecessor:} 9. Bc4 dxe5 10. dxe5 Nc6 11. O-O Nb6 12. Bb3 Nd4 13. Be3 Nxb3 14. Qxb3 Bxc3 15. Bxb6 Qxb6 16. Qxc3 {½-½ (56) Nyland,T (2048)-Ashwin,J (2473) Caleta 2014}) 9... Bxc3 10. bxc3 dxe5 11. Nxe5 Nd7 12. Nxd7 Bxd7 13. c4 Nb6 14. Bb4 (14. Be3 $11) 14... Re8 $15 15. Be2 Bc6 ({Black should play} 15... a5 $15 16. Bd2 Ba4) 16. O-O $1 $11 Rc8 17. Qd2 Qf6 18. Qe3 Red8 (18... Rcd8 $11) 19. d5 $1 $16 {[%cal Rd5c6]} Bd7 20. Bc5 (20. Rac1 $16) 20... Re8 $1 $11 21. d6 Bc6 (21... Nd5 $11 22. cxd5 (22. Qd4 $2 Rxc5 23. Qxf6 Nxf6 $19) 22... exd5) 22. Rad1 Nd7 23. Bxa7 e5 24. Bg4 $36 {[%mdl 2048] White is really pushing.} Qg6 25. Qh3 Red8 26. Be3 {Strongly threatening f3.} Ba4 $2 {[%mdl 8192] [#]} (26... Ra8 $16) 27. Bf5 $18 {White is clearly winning.} Qxf5 28. Qxf5 Bxd1 29. Rxd1 Rxc4 30. Bg5 g6 31. Qh3 {Precision: White = 45%, Black = 35%.} 1-0

[Event "Moscow-ch Men 2019"]
[Site "Moscow"]
[Date "2019.03.30"]
[Round "1.34"]
[White "Usov, Aleksandr E."]
[Black "Tunik, Sergey"]
[Result "1/2-1/2"]
[WhiteElo "1627"]
[BlackElo "2167"]
[Annotator "TA"]
[PlyCount "129"]
[EventDate "2019.03.30"]
[EventType "swiss"]
[EventCountry "RUS"]
[SourceTitle "playchess.com"]
[Source "ChessBase"]
[SourceQuality "1"]

{[%evp 21,129,20,17,14,25,-16,-11,-14,-10,-11,-2,-29,-28,-118,-115,-117,-105,-102,-104,-135,-101,-104,-114,-109,-104,-106,-94,-101,-94,-94,-94,-104,-94,-173,-104,-104,-94,-104,-102,-113,-113,-173,-113,-113,-113,-113,-102,-173,-113,-142,-126,-126,-114,-116,-114,-140,-126,-135,-108,-126,-114,-164,-118,-133,0,-166,-126,-127,-126,-130,-108,-130,-118,-118,-99,-108,-108,-199,-199,-199,-199,-199,-199,-199,-199,-199,-199,-277,-277,-416,-414,-883,-421,-5978,-4841,-6344,-5713,-4941,-4066,-6310,-6108,-5615,-5081,-2389,-153,-153,-153,-153,-153,-153]} 1. e4 e6 2. d4 d5 3. Nd2 dxe4 4. Nxe4 Nd7 5. Nf3 Ngf6 6. Nxf6+ Nxf6 7. Bg5 Be7 8. Bd3 O-O 9. O-O b6 10. c3 Bb7 11. Qe2 c5 12. dxc5 {C10: French with 3 Nc3: Unusual Black 3rd moves and 3...dxe4} bxc5 (12... Bxc5 13. Rad1 Qc7 14. Ne5 Rfd8 15. Bh4 Rd5 16. Bg3 Rad8 17. Rfe1 a5 18. a3 Qc8 19. Bb5 Rxd1 20. Rxd1 Ne4 21. Rxd8+ Qxd8 22. Nd7 Qg5 {½-½ (22) Hracek,Z (2607)-Rahman,Z (2523) Bled 2002}) 13. Bxf6 Bxf6 14. Be4 {The position is equal.} Rb8 $146 {With the idea ...Bxe4.} ({Predecessor:} 14... Bxe4 15. Qxe4 Qb6 16. Rab1 Rfd8 17. Rfc1 Rac8 18. Qc4 g6 19. Rc2 {0-1 (68) Bojovic,Z (2120)-Tosic,V Serbia 2007}) 15. Bxb7 Rxb7 16. Rab1 Qa5 17. b4 (17. Ne5 $11) 17... cxb4 $17 18. cxb4 Rxb4 19. Rxb4 Qxb4 20. Qa6 Qb6 21. Qxb6 axb6 {[%mdl 4096] Endgame KRB-KRN} 22. Rb1 Ra8 23. Rxb6 h5 (23... g5 {looks sharper.} 24. h3 Rxa2 25. Rb5 h6 26. Ne5 Kg7) 24. g3 Rxa2 25. h4 g6 26. Rd6 Kg7 27. Rd2 (27. Rd7 $17 {was worth a try.}) 27... Ra7 ({Black should play} 27... Rxd2 $19 28. Nxd2 Bd4) 28. Kg2 Ra5 29. Re2 Rb5 30. Nd2 Rb2 31. Kf3 (31. Kf1 $17 {was called for.}) 31... Be7 (31... Bd4 $19 32. Ne4 Rxe2 33. Kxe2 e5) 32. Nc4 Rb3+ 33. Re3 Rb5 34. Re5 {[#]} (34. Kg2 $17) 34... Rb4 (34... Rxe5 $1 $19 35. Nxe5 Bd6) 35. Ne3 Bd8 36. Rc5 Rb3 37. Rc8 Bf6 38. Ke2 Bd4 39. Nc2 Be5 40. Rc5 Kf6 41. Kf1 Bb8 42. Ke2 Be5 43. Kf1 $1 Bd6 44. Rc6 Ke7 45. Nd4 Rb4 46. Nc2 Re4 47. Rc3 e5 48. Ne3 Ke6 49. Rc4 (49. Rc6 $17) 49... Rxc4 $19 50. Nxc4 {KB-KN} Kd5 51. Ne3+ Ke4 52. Ke2 Bc5 {[#] Hoping for ...Bxe3.} 53. f3+ Kd4 54. g4 (54. Ng2 $142) 54... hxg4 55. fxg4 (55. Nxg4 $142 Be7 56. h5 gxh5 57. Ne3) 55... Ke4 56. Ng2 (56. Nc4 $142 f5 57. gxf5 gxf5 58. Nb2) 56... Be7 (56... f5 $142 57. gxf5 gxf5) 57. h5 (57. Kf2 $142 f5 58. gxf5 gxf5 59. h5) 57... gxh5 58. gxh5 Bg5 59. Ne1 f6 60. Nf3 Kf4 61. Nd2 Kg4 62. Nc4 Kxh5 $2 (62... e4 $19 {and Black stays clearly on top. ...Bf4 is the strong threat.} 63. Nd6 f5) 63. Kf3 {Black is clearly better.} Bf4 {And now ...f5 would win.} 64. Ke4 Kg6 {aiming for ...f5+.} 65. Nd6 {Accuracy: White = 27%, Black = 50%.} 1/2-1/2

[Event "Moscow-ch Men 2019"]
[Site "Moscow"]
[Date "2019.03.30"]
[Round "1.36"]
[White "Usov, Dmitry E."]
[Black "Kurdakov, Yuri"]
[Result "0-1"]
[WhiteElo "1032"]
[BlackElo "2128"]
[Annotator "TA"]
[PlyCount "48"]
[EventDate "2019.03.30"]
[EventType "swiss"]
[EventCountry "RUS"]
[SourceTitle "playchess.com"]
[Source "ChessBase"]
[SourceQuality "1"]

{[%evp 9,47,-4,39,12,27,19,64,49,66,59,60,50,62,43,60,20,29,0,0,-104,-106,-282,-276,-1477,-1468,-1850,-377,-489,-366,-367,-367,-29995,-29996,-29996,-29997,-29997,-29998,-29998,-29999,-29999]} 1. e4 e6 2. d4 d5 3. Nd2 a6 4. c3 c5 5. Bd3 Nc6 6. Ngf3 {C03: French Tarrasch: Unusual Black 3rd moves} Nf6 (6... cxd4 7. cxd4 dxe4 8. Nxe4 Bb4+ 9. Nc3 Nf6 10. O-O {½-½ (10) Smirin,I (2671)-Matsenko,S (2533) Chicago 2017}) 7. e5 Ng8 8. O-O {White is slightly better.} Bd7 9. dxc5 Bxc5 10. Nb3 Ba7 11. Bc2 $146 ({Predecessor:} 11. Bg5 Qc7 {½-½ (11) Semsiu,A (1895)-Alishani,I (2180) Skopje 2011}) 11... Nge7 12. Qd3 Bb8 13. Bf4 Ng6 14. Be3 (14. Qe3 $11 {remains equal.}) 14... Ncxe5 $17 15. Qe2 $2 (15. Nxe5 $17 Nxe5 16. Qd4) 15... Bb5 $19 {[%mdl 64] [#] Skewer} 16. Qd2 $2 (16. Qd1 Bxf1 17. Kxf1) 16... Nxf3+ 17. gxf3 Bxf1 $2 (17... Qh4 {[%csl Gb8][%cal Rh4h2]} 18. h3 Qxh3 {[%mdl 64] Double Attack}) 18. Rxf1 Qc7 {[%csl Gb8][%cal Rc7h2]} 19. f4 Nxf4 {( -> ...Ne2+!)} 20. Bb1 $2 {[#]} (20. Kh1 $19) 20... Ne2+ $1 {Black mates.} 21. Kg2 (21. Qxe2 Qxh2#) 21... Qxh2+ 22. Kf3 Qh5+ 23. Kg2 Qg4+ 24. Kh1 Qh3# {Accuracy: White = 19%, Black = 47%.} 0-1